Sesiones Ordinarias de la Cámara de Senadores en 1888
محفوظ في:
| مؤلف مشترك: | |
|---|---|
| التنسيق: | كتاب |
| اللغة: | الإسبانية |
| منشور في: |
Santiago
Imprenta Nacional
1888
|
| الموضوعات: | |
| الوسوم: |
إضافة وسم
لا توجد وسوم, كن أول من يضع وسما على هذه التسجيلة!
|
MARC
| LEADER | 00000nam a2200000 a 4500 | ||
|---|---|---|---|
| 001 | UCI6351 | ||
| 003 | CL-VaPUC | ||
| 008 | 080430e18880000CL |||||||||||||||||spa|d | ||
| 082 | 0 | 4 | |a 328.35 |b CAM |2 21 |
| 110 | 2 | |a Cámara de Senadores |e author |9 529198 | |
| 245 | 1 | 0 | |a Sesiones Ordinarias de la Cámara de Senadores en 1888 |
| 300 | |a pág. irreg | ||
| 942 | |c BK | ||
| 945 | |d 20080430 00:00:00 |a cmena | ||
| 260 | |a Santiago |b Imprenta Nacional |c 1888 | ||
| 500 | |a Incluye: | ||
| 500 | |a Sesiones Estraordinarias de la Cámara de Senadores en 1888-89 | ||
| 650 | 7 | |a DERECHO CHILENO |2 CL-VaPUC |9 529199 | |
| 650 | 0 | |a Fuentes Históricas |9 265141 | |
| 650 | 0 | |a Jurisprudencia |9 255952 | |
| 650 | 7 | |a SESIONES PARLAMENTARIAS |2 CL-VaPUC |9 404513 | |
| 651 | 7 | |a CHILE |2 CL-VaPUC |9 529200 | |
| 583 | |a last modification |c 20080430 00:00:00 |k Rodrigo Vera | ||
| 999 | |c 329870 |d 329868 | ||
| 952 | |0 0 |1 0 |4 0 |6 328_350000000000000_CAM_1888 |7 0 |8 X |9 415013 |a BIBHIS |b BIBHIS |d 2019-11-22 |i 4436229 |l 1 |m 7 |o 328.35 CAM 1888 |p 4436229 |r 2024-05-02 |s 2022-01-19 |w 2019-11-22 |y BK_X |k HIS | ||